000 00953nam a22002057a 4500
999 _c59440
_d59440
003 Ge_BSU
005 20230216144656.0
008 230216s2000 ge ||||| |||| 00| 0 geo d
041 _ageo
080 _a342.9(479.22)(075.8) ლ-82
100 _aლორია, ვალერი
_912576
245 _aსაქართველოს ადმინისტრაციული სამართალი /
_cვალერი ლორია ; რედ. გიორგი გიორგაძე.
264 _aთბილისი :
_bცოტნე,
_c2000.
300 _a464 გვ. ;
_b 20 სმ.
501 _a საძიებელი: გვ. 457-462.
520 _aრეზ. რუს.
653 _aსაქართველოს ადმინისტრაციული სამართალი
700 _aგიორგაძე, გიორგი
_eრედაქტორი
_98090
942 _2udc
_cBK